From glass ceilings to open skies (Record no. 257415)
[ view plain ]
| 000 -LEADER | |
|---|---|
| fixed length control field | 00471nam a22001697a 4500 |
| 003 - CONTROL NUMBER IDENTIFIER | |
| control field | OSt |
| 005 - DATE AND TIME OF LATEST TRANSACTION | |
| control field | 20181115161710.0 |
| 008 - FIXED-LENGTH DATA ELEMENTS--GENERAL INFORMATION | |
| fixed length control field | 181115b xxu||||| |||| 00| 0 eng d |
| 020 ## - INTERNATIONAL STANDARD BOOK NUMBER | |
| International Standard Book Number | 9789966259943 |
| 040 ## - CATALOGING SOURCE | |
| Transcribing agency | N/A |
| 050 ## - LIBRARY OF CONGRESS CALL NUMBER | |
| Classification number | HQ1796.5 |
| Item number | .M86 2017 |
| 100 ## - MAIN ENTRY--PERSONAL NAME | |
| Personal name | Mungai, Evelyn K. |
| 245 ## - TITLE STATEMENT | |
| Title | From glass ceilings to open skies |
| 260 ## - PUBLICATION, DISTRIBUTION, ETC. (IMPRINT) | |
| Place of publication, distribution, etc | Nairobi, Kenya : |
| Name of publisher, distributor, etc | Evelyn Mungai, |
| Date of publication, distribution, etc | [2017] |
| 300 ## - PHYSICAL DESCRIPTION | |
| Extent | 381 pages : |
| Other physical details | color illustrations ; |
| Dimensions | 22 cm |
| 942 ## - ADDED ENTRY ELEMENTS (KOHA) | |
| Source of classification or shelving scheme | Library of Congress Classification |
| Koha item type | Long Loan Books |
| Withdrawn status | Lost status | Source of classification or shelving scheme | Damaged status | Not for loan | Collection code | Home library | Current library | Shelving location | Date acquired | Total Checkouts | Full call number | Barcode | Checked out | Date last seen | Date checked out | Price effective from | Koha item type |
|---|---|---|---|---|---|---|---|---|---|---|---|---|---|---|---|---|---|
| Library of Congress Classification | Non-fiction | Rongo University Library | Rongo University Library | General Stacks | 15/11/2018 | 1 | HQ1796.5 .M86 2017 | 201801552 | 09/01/2019 | 09/01/2019 | 09/01/2019 | 15/11/2018 | Long Loan Books |
